Представление документа в формате RUSMARC

ПолеНазваниеЗначение
  Тип записи a
  Библиографический уровень m
001 Контрольный номер RU/SLIB/B/208754787
005 Дата корректировки 20201206204148.2
010 Индекс ISBN __
d Цена 150-00
101 Язык документа __
a Язык текста rus
200 Заглавие и сведения об ответственности 0_
a Заглавие Театр оперы и балета им. С. М. Кирова
f Первые сведения об ответственности сост. и авт. очерка М. А. Матвеев ; худож. оформ. А. И. Приймак
b Общее обозначение материала Текст
210 Выходные данные __
a Место издания Л.
c Издательство Музыка, Ленингр. отд-ние
d Дата издания 1972
215 Физическое описание __
a Объем 112 с.
c Иллюстрации/тип воспроизводства ил.
601 Наименование организации как предмет __
a Наименование организации как предмет Театр оперы и балета им. С. М. Кирова
606 Тематические рубрики __
a Основная рубрика Музыка и зрелищные искусства
606 Тематические рубрики __
a Основная рубрика Оперный театр
y Географическая подрубрика Россия
610 Ключевые слова __
a Ключевые слова театр оперы; балет; балетное искусство; оперная музыка; оперы; балетные постановки
686 Индексы других классификаций __
a Классификационный индекс 85.335.41
702 Вторичная интеллектуальная ответственность _1
a Фамилия Матвеев
b Имя М. А.
4 Код отношения Составитель
4 Код отношения 220
4 Код отношения 070
702 Вторичная интеллектуальная ответственность _1
a Фамилия Приймак
b Имя А. И.
4 Код отношения Художественное оформление
4 Код отношения 040
801 Источник записи _0
a Страна RU
b Организация Муниципальное бюджетное учреждение культуры "Централизованная библиотечная система" г. Сургут (Центральная городская библиотека им. А. С. Пушкина)
g Правила каталогизации КиК/Уланова
801 Источник записи _1
a Страна RU
b Организация Муниципальное бюджетное учреждение культуры "Централизованная библиотечная система" г. Сургут (Центральная городская библиотека им. А. С. Пушкина)
g Правила каталогизации КиК/Уланова
852 Данные о местонахождении __
j Шифр хранения 85.335.41
c Каталожный индекс 85.335.41
i Авторский знак Т 29
p Инвентарный номер 54366
901 Тип документа __
t Тип документа m
990 Данные о заказе (DOS) __
j Количество экземпляров (DOS) 1